The value of PI (Record no. 82767)

MARC details
000 -LEADER
fixed length control field 00820cab a22001935a 4500
001 - CONTROL NUMBER
control field L151318
008 - FIXED-LENGTH DATA ELEMENTS--GENERAL INFORMATION
fixed length control field 101021e20101015xxk 000 0 eng d
035 ## - SYSTEM CONTROL NUMBER
System control number (Sirsi) u151318
041 0# - LANGUAGE CODE
Language code of text/sound track or separate title eng
100 1# - MAIN ENTRY--PERSONAL NAME
Personal name Vigus, Emma
245 04 - TITLE STATEMENT
Title The value of PI
260 ## - PUBLICATION, DISTRIBUTION, ETC.
Date of publication, distribution, etc. 2010
490 ## - SERIES STATEMENT
Series statement Building
Volume/sequential designation 275 (8650) 15 October 2010, 54(1)
520 ## - SUMMARY, ETC.
Summary, etc. Professional indemnity premiums are falling for many surveying firms except those doing valuation surveys; understanding which activities insurers perceive as high risk; how insurers' view of risk has changed 2003, 2006 and 2010; valuation surveys, building surveying, architecture, quantity surveying, project management.
590 ## - LOCAL NOTE (RLIN)
Local note KA
651 #4 - SUBJECT ADDED ENTRY--GEOGRAPHIC NAME
Geographic name United Kingdom
Chronological subdivision
690 ## - LOCAL SUBJECT ADDED ENTRY--TOPICAL TERM (OCLC, RLIN)
Topical term or geographic name as entry element MANAGEMENT-BUSINESS MANAGEMENT-INSURANCE-PROFESSIONAL INDEMNITY INSURANCE
942 ## - ADDED ENTRY ELEMENTS (KOHA)
Suppress in OPAC 0
Holdings
Withdrawn status Lost status Source of classification or shelving scheme Damaged status Not for loan Home library Current library Shelving location Date acquired Total Checkouts Full call number Barcode Date last seen Copy number Price effective from Koha item type
    Dewey Decimal Classification     London London Journal article 21/10/2010   L151318 151318-1001 06/08/2019 1 06/08/2019 Journal article